000 00506nam a2200169 a 4500
005 20140412111307.0
008 010503s19uu xx 00 eng d
020 _a0-307-04600-1
050 _aTR(PS E
_bCh46 1984
100 _aTaylor, T. William
245 _aChristmas donkey (The)/
_cby T. William Taylor; illustrated by Andrea Brooks.
260 _aNew York :
_bA Golden Book,
_c1984.
300 _a1v. (unp.) ; ill.
650 _aChristmas--Fiction
650 _aChildren stories
999 _c103742
_d103742